000 00238nam a2200097Ia 4500
001 1136292
005 20250827005204.0
008 250824s9999 xx 000 0 und d
245 0 _aHZ. ALİ
_cORHAN YENİARAS
260 _bPANAMA YAYINLARI
999 _c1136292
_d1136292